| 000 | 00512cam a2200169 a 4500 | ||
|---|---|---|---|
| 020 | _a9780415993128 | ||
| 040 |
_aDLC _cDLC |
||
| 082 | 0 | 0 |
_a302.23019 _222 |
| 100 | 1 | _aHarris, Richard Jackson. | |
| 245 | 1 | 2 |
_aA cognitive psychology of mass communication _cRichard Jackson Harris. |
| 250 | _a5th ed. | ||
| 260 |
_aNew York : _bRoutledge, _c2009. |
||
| 300 |
_axii, 463 p. ; _c24 cm. |
||
| 504 | _aIncludes bibliographical references and index. | ||
| 650 | 0 |
_aMass media _xPsychological aspects. |
|
| 942 |
_2ddc _cBK |
||
| 999 |
_c11412 _d11412 |
||